|
|
|
|
| LEADER |
00729cam a2200193 7i4500 |
| 001 |
0000008387 |
| 005 |
20101115090000.0 |
| 020 |
|
|
|a 0028631145 (pbk.)
|
| 020 |
|
|
|a 9780028631141
|
| 090 |
0 |
0 |
|a GV200.2
|b .J33 2000
|
| 100 |
1 |
|
|a Jackenthal, Stefani
|
| 245 |
1 |
4 |
|a The complete idiot's guide to rock climbing
|c by Stefani Jackenthal with Joe Glickman.
|
| 260 |
|
|
|a Indianapolis, IN:
|b Alpha Books,
|c 2000.
|
| 300 |
|
|
|a xx, 316 p.:
|b ill.;
|c 24 cm.
|
| 504 |
|
|
|a Includes bibliographical references and index
|
| 650 |
0 |
0 |
|a Rock climbing --
|x Handbooks, manuals, etc
|
| 700 |
1 |
|
|a Glickman, Joe
|
| 999 |
|
|
|a 0000004433
|b BOK
|c REFERENCE
|e Ground Floor, Bestari Jaya
|
| 999 |
|
|
|a CDR0000548
|b CD-ROM
|c OPEN SHELF
|e Circulation Counter, Bestari Jaya
|